Komunikácia – umenie efektívneho zdieľania informácií

Na minha lista:
Detalhes bibliográficos
Autor principal: Janík, Ján, 1959-
Formato: Capítulo de Livro
Idioma:eslovaco
Assuntos:
Tags: Adicionar Tag
Sem tags, seja o primeiro a adicionar uma tag!

MARC

LEADER 00000naa$a2200000$$$4500
001 0306552
005 20251028111130.7
041 0 |a slo 
044 |a SK 
245 1 0 |a Komunikácia – umenie efektívneho zdieľania informácií  |c Ján Janík 
500 |a Abstrakt 
610 2 0 |a šport 
610 2 0 |a informácie 
610 2 0 |a komunikácia 
100 1 |a Janík, Ján, 1959-